[Event "Kolobrzeg op 14th"]
[Site "Kolobrzeg"]
[Date "2013.07.09"]
[Round "9.4"]
[White "Kramer, Norbert"]
[Black "Kuznicki, Cyprian"]
[Result "1-0"]
[WhiteElo "1794"]
[BlackElo "1951"]
[PlyCount "101"]
[EventDate "2013.07.01"]
[EventType "swiss"]
[EventRounds "9"]
[EventCountry "POL"]
[SourceTitle "EXT 2023"]
[Source "ChessBase"]
[SourceDate "2022.10.05"]
[SourceVersion "1"]
[SourceVersionDate "2022.10.05"]
[SourceQuality "1"]

1. d4 e5 2. dxe5 Nc6 3. Nf3 Qe7 4. e4 Nxe5 5. Nxe5 Qxe5 6. Bd3 Bb4+ 7. c3 Bc5 8. Nd2 d6 9. Nf3 Qe7 10. 0-0 Bg4 11. h3 Bh5 12. Bf4 f6 13. b4 Bb6 14. a4 a6 15. a5 Ba7 16. Qa4+ Qd7 17. Qxd7+ Kxd7 18. g4 Bg6 19. Rad1 Kc8 20. Rfe1 Ne7 21. Bc4 Nc6 22. Be6+ Kb8 23. Kg2 Re8 24. Bf5 Bxf5 25. gxf5 g5 26. Bg3 b6 27. axb6 Bxb6 28. Bxd6 cxd6 29. Rxd6 Kb7 30. Rxf6 Bd8 31. Rf7+ Re7 32. Rxe7+ Nxe7 33. Nd4 Nc6 34. e5 Nxd4 35. cxd4 Be7 36. f6 Bxb4 37. Rb1 a5 38. Kf3 Kc6 39. Ke4 Kd7 40. d5 Rc8 41. Kf5 Rg8 42. Rc1 h6 43. Rc6 g4 44. e6+ Kd8 45. h4 g3 46. fxg3 Rxg3 47. d6 Rd3 48. f7 Rf3+ 49. Ke4 Bxd6 50. Rxd6+ Ke7 51. Kxf3 1-0

[Event "Kolobrzeg op 14th"]
[Site "Kolobrzeg"]
[Date "2013.07.03"]
[Round "5.2"]
[White "Jeziorny, Janusz"]
[Black "Kuznicki, Cyprian"]
[Result "1-0"]
[WhiteElo "1664"]
[BlackElo "1951"]
[PlyCount "109"]
[EventDate "2013.07.01"]
[EventType "swiss"]
[EventRounds "9"]
[EventCountry "POL"]
[SourceTitle "EXT 2023"]
[Source "ChessBase"]
[SourceDate "2022.10.05"]
[SourceVersion "1"]
[SourceVersionDate "2022.10.05"]
[SourceQuality "1"]

1. e4 Nf6 2. e5 Ng8 3. d4 d6 4. exd6 cxd6 5. Bd3 g6 6. c3 Bg7 7. Nf3 Nf6 8. Bg5 Nbd7 9. 0-0 h6 10. Bd2 b6 11. Re1 Bb7 12. Na3 0-0 13. Nc2 e5 14. dxe5 Nxe5 15. Nxe5 dxe5 16. Bf1 Qc7 17. Qe2 Ne4 18. Be3 Rac8 19. f3 Nf6 20. Bf2 Nh5 21. g3 f5 22. Bg2 Rfe8 23. Rad1 Red8 24. Rxd8+ Rxd8 25. Rd1 Rd6 26. Rxd6 Qxd6 27. Ne3 Kh7 28. Qc2 Nf6 29. Qd1 Qe6 30. Qa4 a6 31. Qc4 Qd6 32. Qb3 b5 33. c4 f4 34. Nf1 Qc6 35. Nd2 Ng4 36. Qd3 Nxf2 37. Kxf2 bxc4 38. Nxc4 Qc5+ 39. Kf1 Bc6 40. Bh3 e4 41. fxe4 fxg3 42. hxg3 Bxb2 43. Be6 Bd4 44. Qf3 Qe7 45. Bd5 Bxd5 46. exd5 Qc7 47. Qd3 Qf7+ 48. Ke2 Qxd5 49. Nd2 Qe5+ 50. Kd1 Be3 51. Qxa6 Qxg3 52. Qb7+ Kg8 53. Qc8+ Kf7 54. Qd7+ Kf6 55. Ne4+ 1-0

[Event "Kolobrzeg op 14th"]
[Site "Kolobrzeg"]
[Date "2013.07.01"]
[Round "1.2"]
[White "Lewczuk, Antoni"]
[Black "Kuznicki, Cyprian"]
[Result "0-1"]
[WhiteElo "1568"]
[BlackElo "1951"]
[PlyCount "100"]
[EventDate "2013.07.01"]
[EventType "swiss"]
[EventRounds "9"]
[EventCountry "POL"]
[SourceTitle "EXT 2023"]
[Source "ChessBase"]
[SourceDate "2022.10.05"]
[SourceVersion "1"]
[SourceVersionDate "2022.10.05"]
[SourceQuality "1"]

1. c4 c5 2. b3 Nc6 3. Bb2 e5 4. g3 Nge7 5. Bg2 d6 6. e3 g6 7. Ne2 Bg7 8. 0-0 0-0 9. Na3 a6 10. Nc2 Bd7 11. d4 Qc8 12. Qd2 Bh3 13. Rfd1 Bxg2 14. Kxg2 e4 15. Rac1 f5 16. Ba3 b6 17. dxc5 dxc5 18. Qd7 Rd8 19. Qxc8 Raxc8 20. Nf4 Rxd1 21. Rxd1 Rd8 22. Rxd8+ Nxd8 23. b4 g5 24. bxc5 gxf4 25. cxb6 f3+ 26. Kf1 Nec6 27. Bd6 Bc3 28. Bc7 Nb7 29. Na3 Kf7 30. h3 Ke6 31. g4 fxg4 32. Kg1 Be5 33. hxg4 Bxc7 34. bxc7 Kd7 35. Kh2 Kxc7 36. Kg3 Kd6 37. Kf4 Nc5 38. Nc2 Ne5 39. Na3 Ned3+ 40. Kg3 Ne6 41. Nb1 Kc5 42. Nc3 Ng5 43. Kh4 h6 44. Kh5 Nxf2 45. Kxh6 Kxc4 46. Nb1 Nxg4+ 47. Kxg5 Kd3 48. Kxg4 f2 49. Nd2 Kxd2 50. Kf4 Kd3 0-1

[Event "Kolobrzeg op"]
[Site "Kolobrzeg"]
[Date "2008.08.22"]
[Round "5"]
[White "Smolka, Marcin"]
[Black "Kuznicki, Cyprian"]
[Result "1/2-1/2"]
[WhiteElo "1849"]
[BlackElo "2041"]
[PlyCount "27"]
[EventDate "2008.08.18"]
[EventType "swiss"]
[EventRounds "9"]
[EventCountry "POL"]
[SourceTitle "CBM 126 Extra"]
[Source "ChessBase"]
[SourceDate "2008.11.05"]
[SourceVersion "1"]
[SourceVersionDate "2008.11.05"]
[SourceQuality "1"]

1. e4 c6 2. d4 d5 3. Nc3 dxe4 4. Nxe4 Nd7 5. Nf3 Ngf6 6. Nxf6+ Nxf6 7. Bc4 e6 8. 0-0 Bd6 9. Bd3 Qc7 10. c3 Bf4 11. Bxf4 Qxf4 12. Qd2 Qxd2 13. Nxd2 b6 14. Ne4 1/2-1/2

[Event "Kolobrzeg op"]
[Site "Kolobrzeg"]
[Date "2008.08.20"]
[Round "3"]
[White "Kuznicki, Cyprian"]
[Black "Weglarz, Joanna"]
[Result "0-1"]
[WhiteElo "2041"]
[BlackElo "2026"]
[PlyCount "86"]
[EventDate "2008.08.18"]
[EventType "swiss"]
[EventRounds "9"]
[EventCountry "POL"]
[SourceTitle "CBM 126 Extra"]
[Source "ChessBase"]
[SourceDate "2008.11.05"]
[SourceVersion "1"]
[SourceVersionDate "2008.11.05"]
[SourceQuality "1"]

1. d4 d5 2. c4 e6 3. Nc3 Nf6 4. Nf3 Be7 5. Bg5 0-0 6. e3 a6 7. Rc1 dxc4 8. Bxc4 c5 9. Bxf6 Bxf6 10. dxc5 Qa5 11. 0-0 Qxc5 12. Ne4 Qe7 13. Nxf6+ Qxf6 14. Qe2 Nc6 15. Bd3 Bd7 16. Rfd1 Rfd8 17. h3 Rac8 18. Bb1 e5 19. Rd2 Nd4 20. Qd1 Nxf3+ 21. gxf3 Bxh3 22. f4 Rxc1 23. Rxd8+ Qxd8 24. Qxc1 exf4 25. exf4 Qd5 26. f3 Qxf3 27. Qd2 Qg4+ 28. Kh2 Qd7 29. Qe3 Be6 30. f5 Qd6+ 31. Kh3 Bd7 32. Be4 g6 33. Bxb7 Bxf5+ 34. Kg2 Be6 35. a3 h5 36. Bf3 h4 37. Qf2 h3+ 38. Kg1 Qf4 39. Qe2 g5 40. Qd1 g4 41. Bb7 g3 42. Qf1 h2+ 43. Kg2 Bh3+ 0-1